| Tag |
First Indicator |
Second Indicator |
Subfields |
| LEADER |
00000cam a2200000 i 4500 |
| 001 |
in00003484749 |
| 005 |
20151206122622.0 |
| 008 |
780114s1887 enkc 00110aeng d |
| 035 |
|
|
|a (OCoLC)ocm03558185
|
| 040 |
|
|
|a NOC
|c NOC
|d TNY
|d UtOrBLW
|
| 090 |
|
|
|a PR5699.T4
|b A8 1887
|
| 100 |
1 |
|
|a Trollope, Thomas Adolphus,
|d 1810-1892.
|
| 245 |
1 |
0 |
|a What I remember /
|c by Thomas Adolphus Trollope.
|
| 264 |
|
1 |
|a London :
|b R. Bentley,
|c 1887.
|
| 300 |
|
|
|a 2 volumes :
|b portrait ;
|c 23 cm.
|
| 336 |
|
|
|a text
|b txt
|2 rdacontent
|
| 337 |
|
|
|a unmediated
|b n
|2 rdamedia
|
| 338 |
|
|
|a volume
|b nc
|2 rdacarrier
|
| 500 |
|
|
|a Includes indexes.
|
| 600 |
1 |
0 |
|a Trollope, Thomas Adolphus,
|d 1810-1892.
|
| 650 |
|
0 |
|a Authors, English
|v Biography.
|
| 999 |
|
|
|a MARS
|
| 999 |
f |
f |
|s 3e8f1c77-8635-3501-914f-8a9136b56f5a
|i 09cfe2ac-322e-38bf-bfd3-9d30d3dd9188
|t 0
|
| 952 |
f |
f |
|p ric
|a Texas A&M University
|b Rellis Campus
|c Joint Library Facility
|d Remote Storage
|t 0
|e PR5699.T4 A8 1887
|h Library of Congress classification
|i unmediated -- volume
|k v.2
|m 32060000161097
|
| 952 |
f |
f |
|p ric
|a Texas A&M University
|b Rellis Campus
|c Joint Library Facility
|d Remote Storage
|t 0
|e PR5699.T4 A8 1887
|h Library of Congress classification
|i unmediated -- volume
|k v.1
|m 32060000986378
|
| 998 |
f |
f |
|a PR5699.T4 A8 1887
|t 0
|l Remote Storage
|